Retail Management. A Strategic Approch (Record no. 3559)

MARC details
000 -LEADER
fixed length control field 00409nam a22001697a 4500
005 - DATE AND TIME OF LATEST TRANSACTION
control field 20160622122711.0
008 - FIXED-LENGTH DATA ELEMENTS--GENERAL INFORMATION
fixed length control field 160622b xxu||||| |||| 00| 0 eng d
020 ## - INTERNATIONAL STANDARD BOOK NUMBER
ISBN 978-81-203-3042-9
041 ## - LANGUAGE CODE
Language code of text/sound track or separate title eng
082 ## - DEWEY DECIMAL CLASSIFICATION NUMBER
Item number 9011
100 ## - MAIN ENTRY--AUTHOR NAME
Personal name Berman, Bary and Evans, Joel R
245 ## - TITLE STATEMENT
Title Retail Management. A Strategic Approch
260 ## - PUBLICATION, DISTRIBUTION, ETC. (IMPRINT)
Name of publisher PHI
300 ## - PHYSICAL DESCRIPTION
Number of Pages 633
650 ## - SUBJECT ADDED ENTRY--TOPICAL TERM
Topical Term Management
942 ## - ADDED ENTRY ELEMENTS (KOHA)
Koha item type Books
Holdings
Lost status Damaged status Collection code Home library Current library Shelving location Date acquired Cost, normal purchase price Full call number Accession Number Koha item type
    Reference JRU Library   SHELF-29-F 22/06/2016 450.00 9011 9011 Books
    MANAGEMENT JRU Library JRU Library SHELF- 67 H 22/06/2016 450.00 9011 9012 Books
    MANAGEMENT JRU Library JRU Library SHELF- 67 H 22/06/2016 450.00 9011 9013 Books
    MANAGEMENT JRU Library JRU Library SHELF- 67 H 22/06/2016 450.00 9011 9014 Books
    MANAGEMENT JRU Library JRU Library SHELF- 67 H 22/06/2016 450.00 9011 9015 Books
    MANAGEMENT JRU Library JRU Library SHELF- 67 H 22/06/2016 450.00 9011 9016 Books
    MANAGEMENT JRU Library JRU Library SHELF- 67 H 22/06/2016 450.00 9011 9017 Books
    MANAGEMENT JRU Library JRU Library SHELF- 67 H 22/06/2016 450.00 9011 9018 Books
    MANAGEMENT JRU Library JRU Library SHELF- 67 H 22/06/2016 450.00 9011 9019 Books
    MANAGEMENT JRU Library JRU Library SHELF- 67 H 22/06/2016 450.00 9011 9020 Books